000 01398cam a22002174a 4500
005 20250605163941.0
008 250528s ||||||||||||||||||||||||d
035 _a15040
020 _a406032521
040 _aGR-AtMCL
_bgre
_dGR-AtMCL
_eAACR2
245 1 _aIntroduction to Accounting for Business Studies / Sixth Edition
250 _a6th
260 _bButterworths,
_c1994
300 _a426
520 _aThis well-established book provides an introductory study of financial and management accounting. Preface, The Scope of Accounting Work, Balance Sheets, Measurement of Profit, Ledger Records, Accounting for Assets, Review of Concepts and Conventions and an Introduction to Interpretation, Value Added Tax, Maintaining the Ledger Records, Payroll, Accounting and Computers, Incomplete Records and Accounts of Non-Profit Making, Partnership and Limited Companies, Illustrating a Set of Accounts, Accounting in Manufacturing Businesses, Cost Finding, Planning and Control: Standard Costing, Planning and Control: Budgetary Control, Accounting Information and Decision Taking, Limited Companies - Further Aspects, Evaluation of Accounting Reports, Accounting for Different Types of Organization, The Way Forward, Appendix: Answers to Questions within the Text, Index.
700 1 _aHardern G.S
_9874
700 1 _aLangley F.P
_9875
942 _cBK
999 _c643
_d643